[Event "FRA-chT2 0910"]
[Site "France"]
[Date "2009.12.13"]
[Round "6.6"]
[White "Hubert, Raphael"]
[Black "Restout, Bruce"]
[Result "0-1"]
[WhiteElo "2015"]
[BlackElo "2047"]
[PlyCount "90"]
[EventDate "2009.09.27"]
[EventType "team-tourn"]
[EventRounds "11"]
[EventCountry "FRA"]
[SourceTitle "EXT 2011"]
[Source "ChessBase"]
[SourceDate "2010.11.26"]
[SourceVersion "1"]
[SourceVersionDate "2010.11.26"]
[SourceQuality "1"]

1. e4 c5 2. c3 d5 3. e5 d4 4. cxd4 cxd4 5. Nf3 Bg4 6. h3 Bxf3 7. Qxf3 Nc6 8. Bb5 Rc8 9. 0-0 e6 10. d3 Nge7 11. Bg5 Qb6 12. Ba4 Ng6 13. Qe2 Qa5 14. Qd1 Qxe5 15. f4 Qe3+ 16. Kh1 Nge5 17. Re1 Nxd3 18. Rxe3 Nf2+ 19. Kh2 Nxd1 20. Rb3 h6 21. Bh4 Ne3 22. Rxb7 Bd6 23. Rxa7 0-0 24. Rd7 Bxf4+ 25. Kg1 Nf5 26. Be1 Ne5 27. g4 Nxd7 28. Bxd7 Rc1 29. gxf5 Rxe1+ 30. Kf2 Rc1 31. a4 Be3+ 32. Kf3 Rd8 33. fxe6 fxe6 34. Bxe6+ Kf8 35. Bg4 Rb8 36. a5 Rxb2 37. Bf5 Rf1+ 38. Ke4 Rbxb1 39. Ra4 Ra1 40. Rb4 Rf4+ 41. Ke5 Rxa5+ 42. Ke6 Ra6+ 43. Ke5 Rxf5+ 44. Kxf5 Rd6 45. Ke5 Rd8 0-1

[Event "FRA-chT2 West 0607"]
[Site "France"]
[Date "2007.03.18"]
[Round "9.6"]
[White "Carvallo, Henri"]
[Black "Restout, Bruce"]
[Result "1/2-1/2"]
[WhiteElo "2173"]
[BlackElo "2016"]
[PlyCount "71"]
[EventDate "2006.10.15"]
[EventType "team"]
[EventRounds "11"]
[EventCountry "FRA"]
[SourceTitle "EXT 2008"]
[Source "ChessBase"]
[SourceDate "2007.11.25"]
[SourceVersion "1"]
[SourceVersionDate "2007.11.25"]
[SourceQuality "1"]
[WhiteTeam "Tours"]
[BlackTeam "Agneaux Saint Lo"]
[WhiteTeamCountry "FRA"]
[BlackTeamCountry "FRA"]

1. d4 Nf6 2. Nf3 e6 3. Bf4 c5 4. e3 b6 5. c3 Bb7 6. Bd3 Be7 7. h3 0-0 8. 0-0 Be4 9. Bxe4 Nxe4 10. Qd3 d5 11. Nbd2 Nxd2 12. Qxd2 Nd7 13. Qe2 Nf6 14. a4 a6 15. Rfd1 cxd4 16. cxd4 Qd7 17. Rdc1 Rfc8 18. Rxc8+ Qxc8 19. Qd1 Qb7 20. Rc1 Rc8 21. Rc2 Ne4 22. Qc1 Rxc2 23. Qxc2 f6 24. Ne1 Bd6 25. Nd3 g5 26. Bxd6 Nxd6 27. h4 h6 28. Qe2 Qc6 29. a5 bxa5 30. Nc5 Ne4 31. Nxa6 Qc4 32. Qxc4 dxc4 33. f3 c3 34. bxc3 Nxc3 35. hxg5 hxg5 36. Nc5 1/2-1/2

[Event "FRA-chT2A 0506"]
[Site "France"]
[Date "2006.04.02"]
[Round "11.9"]
[White "Fantin, Alison"]
[Black "Restout, Bruce"]
[Result "0-1"]
[WhiteElo "1906"]
[BlackElo "2024"]
[PlyCount "80"]
[EventDate "2005.10.27"]
[EventType "team-tourn"]
[EventRounds "11"]
[EventCountry "FRA"]
[SourceTitle "EXT 2006"]
[Source "ChessBase"]
[SourceDate "2005.11.24"]
[SourceVersion "1"]
[SourceVersionDate "2005.11.24"]
[SourceQuality "1"]
[WhiteTeam "Clermont Ferrand"]
[BlackTeam "Saint Lo"]
[WhiteTeamCountry "FRA"]
[BlackTeamCountry "FRA"]

1. e4 c5 2. Nf3 g6 3. d4 cxd4 4. Nxd4 Nc6 5. Nc3 Bg7 6. Be3 Nf6 7. Be2 0-0 8. 0-0 d6 9. h3 Bd7 10. Qd2 Nxd4 11. Bxd4 Bc6 12. Bd3 e5 13. Be3 d5 14. exd5 Nxd5 15. Bg5 Qa5 16. Ne4 Qxd2 17. Bxd2 Rfd8 18. Nc3 Nxc3 19. Bxc3 e4 20. Bxg7 Kxg7 21. Bc4 Rd2 22. Bb3 Rad8 23. Rfe1 a5 24. a4 f5 25. Kf1 f4 26. Re2 Kf6 27. Rxd2 Rxd2 28. Re1 e3 29. f3 Ke5 30. Re2 Rd1+ 31. Re1 Rxe1+ 32. Kxe1 Bd5 33. c4 Be6 34. h4 Kd4 35. Bc2 Bxc4 36. Be4 Bd5 37. Bc2 Kc5 38. h5 gxh5 39. Bxh7 Kb4 40. g4 fxg3 0-1

[Event "FRA-chT2A 0506"]
[Site "France"]
[Date "2006.01.15"]
[Round "6.9"]
[White "Holin, Alexandra"]
[Black "Restout, Bruce"]
[Result "0-1"]
[WhiteElo "1800"]
[BlackElo "2024"]
[PlyCount "74"]
[EventDate "2005.10.27"]
[EventType "team-tourn"]
[EventRounds "11"]
[EventCountry "FRA"]
[SourceTitle "EXT 2006"]
[Source "ChessBase"]
[SourceDate "2005.11.24"]
[SourceVersion "1"]
[SourceVersionDate "2005.11.24"]
[SourceQuality "1"]
[WhiteTeam "Bois Colombes II"]
[BlackTeam "Saint Lo"]
[WhiteTeamCountry "FRA"]
[BlackTeamCountry "FRA"]

1. d4 e6 2. c4 Nf6 3. Nf3 Bb4+ 4. Bd2 Qe7 5. a3 Bxd2+ 6. Nbxd2 d6 7. e4 e5 8. d5 0-0 9. Be2 Nh5 10. g3 Bh3 11. Nh4 Nf6 12. Bf3 Nbd7 13. b4 g5 14. Bg2 Bg4 15. f3 gxh4 16. fxg4 h5 17. gxh5 Nh7 18. g4 h3 19. Bf3 Qh4+ 20. Ke2 f5 21. Qe1 Qxe1+ 22. Raxe1 fxg4 23. Bxg4 Ndf6 24. Bxh3 Nxh5 25. Bf5 Nf4+ 26. Kd1 a5 27. b5 Kh8 28. Bxh7 Kxh7 29. Rhg1 Rg8 30. Nf3 Nd3 31. Ng5+ Kh6 32. Re3 Rxg5 33. Rxg5 Kxg5 34. Rxd3 Rh8 35. Rd2 Kf4 36. Re2 Rh3 37. Rf2+ Kxe4 0-1

[Event "FRA-chT2A 0506"]
[Site "France"]
[Date "2005.11.20"]
[Round "3.8"]
[White "Martinez, Jean Philippe"]
[Black "Restout, Bruce"]
[Result "1/2-1/2"]
[WhiteElo "2069"]
[BlackElo "2031"]
[PlyCount "54"]
[EventDate "2005.10.27"]
[EventType "team-tourn"]
[EventRounds "11"]
[EventCountry "FRA"]
[SourceTitle "EXT 2006"]
[Source "ChessBase"]
[SourceDate "2005.11.24"]
[SourceVersion "1"]
[SourceVersionDate "2005.11.24"]
[SourceQuality "1"]
[WhiteTeam "Nantes"]
[BlackTeam "Saint Lo"]
[WhiteTeamCountry "FRA"]
[BlackTeamCountry "FRA"]

1. Nf3 Nf6 2. c4 e6 3. g3 d5 4. Bg2 Be7 5. 0-0 0-0 6. d4 Nbd7 7. Nbd2 c5 8. cxd5 exd5 9. dxc5 Nxc5 10. Nb3 Nce4 11. Nbd4 Bc5 12. a3 Re8 13. b4 Bd6 14. Bb2 a5 15. bxa5 Qxa5 16. Nb3 Qb6 17. Bd4 Qb5 18. Qd3 Bd7 19. Bb2 Rec8 20. Ne5 Qxd3 21. exd3 Rc2 22. Bd4 Ba4 23. dxe4 Bxb3 24. exd5 Rxa3 25. Rxa3 Bxa3 26. d6 Bxd6 27. Bxb7 Be6 1/2-1/2

[Event "FRA-chT2"]
[Site "France"]
[Date "2002.03.??"]
[Round "9.7"]
[White "Varin, Pierre Antoine"]
[Black "Restout, Bruce"]
[Result "0-1"]
[WhiteElo "1940"]
[BlackElo "2063"]
[PlyCount "79"]
[EventDate "2002.??.??"]
[EventType "team"]
[EventRounds "11"]
[EventCountry "FRA"]
[SourceTitle "EXT 2003"]
[Source "ChessBase"]
[SourceDate "2002.11.25"]
[SourceVersion "1"]
[SourceVersionDate "2002.11.25"]
[SourceQuality "1"]

1. e4 c5 2. Nc3 e6 3. f4 d5 4. e5 Nc6 5. Nf3 Nge7 6. g3 Nf5 7. Bg2 Rb8 8. 0-0 b5 9. Ne2 b4 10. g4 Nfd4 11. Nexd4 cxd4 12. d3 g6 13. Qe1 h5 14. Bh3 hxg4 15. Bxg4 Be7 16. Ng5 Qb6 17. b3 a5 18. Rf3 Bd7 19. Rh3 Rxh3 20. Bxh3 Qc5 21. Qf2 Bxg5 22. fxg5 Rc8 23. Bb2 Qe7 24. Qf4 Kd8 25. Rf1 Be8 26. Rf2 Kc7 27. Bg2 Qc5 28. Re2 a4 29. h4 a3 30. Ba1 Kb7 31. Bf3 Rc7 32. h5 gxh5 33. Bxh5 Kb6 34. Bg4 Kb7 35. Kg2 Kb6 36. Qf6 Kb7 37. Bh5 Qe7 38. Rf2 Qxf6 39. gxf6 Kb6 40. Re2 0-1

[Event "FRA-chT3 01"]
[Site "France"]
[Date "2001.03.31"]
[Round "8"]
[White "Barre, Arnaud"]
[Black "Restout, Bruce"]
[Result "0-1"]
[WhiteElo "1750"]
[BlackElo "1990"]
[PlyCount "54"]
[EventDate "2001.??.??"]
[EventType "team"]
[EventRounds "9"]
[EventCountry "FRA"]
[SourceTitle "EXT 2002"]
[Source "ChessBase"]
[SourceDate "2001.11.25"]
[SourceVersion "1"]
[SourceVersionDate "2001.11.25"]
[SourceQuality "1"]
[WhiteTeam "Fouesnant"]
[BlackTeam "Agneaux Saint Lo"]
[WhiteTeamCountry "FRA"]
[BlackTeamCountry "FRA"]

1. e4 c5 2. Nf3 e6 3. d4 cxd4 4. Nxd4 Nf6 5. f3 Nc6 6. Nc3 Bb4 7. Bc4 d5 8. exd5 Nxd5 9. Bxd5 Qxd5 10. Be3 0-0 11. 0-0 Bxc3 12. bxc3 e5 13. Nb3 Qxd1 14. Raxd1 Bf5 15. Rf2 b6 16. Nc1 Rfd8 17. Rfd2 Bxc2 18. Rxd8+ Rxd8 19. Rxd8+ Nxd8 20. Ne2 f6 21. Kf2 Kf7 22. g4 Ke6 23. Ng3 Bb1 24. a3 Kd5 25. Ke2 Kc4 26. Kd2 Kb3 27. Kc1 Bg6 0-1

[Event "Agneaux St Lo op 05th"]
[Site "Agneaux"]
[Date "2001.02.15"]
[Round "2"]
[White "Maze, Sebastien"]
[Black "Restout, Bruce"]
[Result "1-0"]
[WhiteElo "2279"]
[BlackElo "2021"]
[PlyCount "35"]
[EventDate "2001.02.14"]
[EventType "swiss"]
[EventRounds "7"]
[EventCountry "FRA"]
[SourceTitle "CBM 080 Extra"]
[Source "ChessBase"]
[SourceDate "2001.03.08"]
[SourceVersion "1"]
[SourceVersionDate "2001.03.08"]
[SourceQuality "1"]

1. c4 f5 2. b3 Nf6 3. Bb2 e6 4. Nf3 Be7 5. e3 0-0 6. d4 d6 7. Nbd2 Nbd7 8. Bd3 Qe8 9. Qc2 Qh5 10. 0-0-0 a5 11. h3 Qe8 12. g4 g6 13. gxf5 exf5 14. Rdg1 Nb8 15. a3 c6 16. Bxf5 Bxf5 17. Qxf5 Nh5 18. Qxh5 1-0

[Event "FRA-chT3 01"]
[Site "France"]
[Date "2000.11.18"]
[Round "2"]
[White "Restout, Bruce"]
[Black "Hochart, Jean Luc"]
[Result "1/2-1/2"]
[WhiteElo "2021"]
[BlackElo "1930"]
[PlyCount "62"]
[EventDate "2001.??.??"]
[EventType "team"]
[EventRounds "9"]
[EventCountry "FRA"]
[SourceTitle "EXT 2002"]
[Source "ChessBase"]
[SourceDate "2001.11.25"]
[SourceVersion "1"]
[SourceVersionDate "2001.11.25"]
[SourceQuality "1"]
[WhiteTeam "Agneaux Saint Lo"]
[BlackTeam "Guingamp"]
[WhiteTeamCountry "FRA"]
[BlackTeamCountry "FRA"]

1. d4 Nf6 2. Nf3 g6 3. c4 Bg7 4. Nc3 d6 5. e4 0-0 6. Be2 e5 7. dxe5 dxe5 8. Qxd8 Rxd8 9. Bg5 c6 10. Nxe5 Re8 11. 0-0-0 Nxe4 12. Nxe4 Bxe5 13. Nd6 Bxd6 14. Rxd6 Be6 15. h4 h5 16. g4 hxg4 17. Rg1 Nd7 18. Bxg4 Nc5 19. Bf3 Bf5 20. h5 Ne4 21. Bxe4 Rxe4 22. b3 Rae8 23. Be3 a6 24. hxg6 fxg6 25. Rh1 R4e7 26. Rd4 Re4 27. Kd2 b5 28. cxb5 cxb5 29. Rd6 R4e6 30. Rd4 Re4 31. Rd6 R4e6 1/2-1/2

[Event "FRA-chT3 01"]
[Site "France"]
[Date "2000.10.15"]
[Round "1"]
[White "Capitaine, Mathieu"]
[Black "Restout, Bruce"]
[Result "1-0"]
[WhiteElo "2050"]
[BlackElo "2021"]
[PlyCount "69"]
[EventDate "2001.??.??"]
[EventType "team"]
[EventRounds "9"]
[EventCountry "FRA"]
[SourceTitle "EXT 2002"]
[Source "ChessBase"]
[SourceDate "2001.11.25"]
[SourceVersion "1"]
[SourceVersionDate "2001.11.25"]
[SourceQuality "1"]
[WhiteTeam "Yffiniac"]
[BlackTeam "Agneaux Saint Lo"]
[WhiteTeamCountry "FRA"]
[BlackTeamCountry "FRA"]

1. e4 c5 2. Nf3 e6 3. d4 cxd4 4. Nxd4 Nf6 5. Nc3 Nc6 6. Ndb5 d6 7. Bf4 e5 8. Bg5 a6 9. Na3 b5 10. Nd5 Be7 11. Bxf6 Bxf6 12. c3 0-0 13. Nc2 Bg5 14. h4 Bh6 15. g4 g6 16. Qf3 f6 17. a4 bxa4 18. Rxa4 Kg7 19. h5 a5 20. b4 Bb7 21. b5 Ne7 22. hxg6 Nxd5 23. Qh3 Bd2+ 24. Kxd2 h5 25. exd5 Bxd5 26. Bg2 Bxg2 27. Qxg2 d5 28. gxh5 f5 29. h6+ Kf6 30. g7 Rg8 31. Rg1 Qd7 32. Qg6+ Ke7 33. h7 d4 34. hxg8N+ Kd8 35. Qb6+ 1-0

[Event "Agneaux St Lo"]
[Site "Agneaux"]
[Date "2000.07.01"]
[Round "8"]
[White "Restout, Bruce"]
[Black "Huisman, Hugues"]
[Result "1/2-1/2"]
[WhiteElo "2021"]
[BlackElo "1790"]
[PlyCount "117"]
[EventDate "2000.06.26"]
[EventType "tourn"]
[EventRounds "9"]
[EventCountry "FRA"]
[SourceTitle "EXT 2003"]
[Source "ChessBase"]
[SourceDate "2002.11.25"]
[SourceVersion "1"]
[SourceVersionDate "2002.11.25"]
[SourceQuality "1"]

1. c4 Nf6 2. Nf3 g6 3. b3 Bg7 4. Bb2 0-0 5. g3 d6 6. Bg2 c5 7. 0-0 Nc6 8. Nc3 Bf5 9. Rc1 Qd7 10. d3 Bh3 11. d4 Bxg2 12. Kxg2 cxd4 13. Nxd4 Ng4 14. Nf3 Bh6 15. Ne4 Bxc1 16. Qxc1 f6 17. Rd1 Qe6 18. Nc3 Nge5 19. Nd5 Qf7 20. Ng1 Nd7 21. Qe3 Nb6 22. Nc3 Rfd8 23. Nb5 Rd7 24. Nf3 Rad8 25. Nxa7 Nxa7 26. Qxb6 Nc6 27. e4 Qe6 28. Qe3 Qf7 29. Nd2 e6 30. Qc3 Kg7 31. Re1 d5 32. cxd5 exd5 33. exd5 Qxd5+ 34. Ne4 Rf7 35. Kg1 Qd4 36. Qc2 Qd3 37. Qc5 Rd5 38. Qc1 Nd4 39. Re3 Ne2+ 40. Rxe2 Qxe2 41. Nc3 Qd2 42. Nxd5 Qxd5 43. Qf4 Qd1+ 44. Kg2 Qc2 45. Qd4 Qc6+ 46. Kh3 Rd7 47. Qc3 Qe6+ 48. Kg2 Qe4+ 49. Kh3 Qf5+ 50. Kg2 g5 51. h3 Kg6 52. Qe3 Kf7 53. Ba3 Qd5+ 54. Kh2 Qd2 55. Qc5 Kg6 56. Bc1 Qe2 57. Be3 Qf3 58. Qf8 Rg7 59. Qe8+ 1/2-1/2

[Event "Agneaux St Lo"]
[Site "Agneaux"]
[Date "2000.06.30"]
[Round "7"]
[White "Restout, Bruce"]
[Black "Lelong, Eric"]
[Result "0-1"]
[WhiteElo "2021"]
[BlackElo "1990"]
[PlyCount "94"]
[EventDate "2000.06.26"]
[EventType "tourn"]
[EventRounds "9"]
[EventCountry "FRA"]
[SourceTitle "EXT 2003"]
[Source "ChessBase"]
[SourceDate "2002.11.25"]
[SourceVersion "1"]
[SourceVersionDate "2002.11.25"]
[SourceQuality "1"]

1. e4 d5 2. exd5 Nf6 3. c4 e6 4. d4 exd5 5. Nc3 Be6 6. c5 Be7 7. g3 0-0 8. Bg2 b6 9. cxb6 axb6 10. Nge2 c6 11. 0-0 Qd7 12. Qb3 Na6 13. Bf4 Nh5 14. Be3 Bd6 15. Rac1 f5 16. Na4 Rab8 17. Rc3 f4 18. Nxf4 Nxf4 19. Bxf4 Bxf4 20. gxf4 Rxf4 21. Rfc1 b5 22. Nc5 Nxc5 23. Rxc5 Rxd4 24. Rxc6 Rc4 25. R1xc4 dxc4 26. Qg3 Rd8 27. h4 Qd1+ 28. Kh2 Qg4 29. Qxg4 Bxg4 30. Rc5 Be2 31. Rd5 Rxd5 32. Bxd5+ Kf8 33. a3 Ke7 34. Bc6 Kd6 35. Be4 Bd3 36. Bf3 Kc5 37. Kg3 Kd4 38. Kf4 c3 39. bxc3+ Kxc3 40. Ke3 Bc2 41. Be2 Ba4 42. Bd3 h6 43. f4 Kb3 44. f5 Kxa3 45. f6 gxf6 46. Kf4 Kb2 47. h5 b4 0-1

[Event "Agneaux St Lo"]
[Site "Agneaux"]
[Date "1999.??.??"]
[Round "1"]
[White "Restout, Bruce"]
[Black "Housieaux, David"]
[Result "0-1"]
[WhiteElo "2100"]
[BlackElo "2200"]
[PlyCount "76"]
[EventDate "1999.??.??"]
[EventType "tourn"]
[EventRounds "9"]
[EventCountry "FRA"]
[SourceTitle "EXT 2000"]
[Source "ChessBase"]
[SourceDate "1999.11.16"]
[SourceVersion "1"]
[SourceVersionDate "1999.11.16"]
[SourceQuality "1"]

1. d4 Nf6 2. c4 g6 3. Nc3 Bg7 4. e4 d6 5. Nf3 0-0 6. Be2 e5 7. d5 a5 8. Bg5 Na6 9. Nd2 h6 10. Bh4 h5 11. f3 Bh6 12. Nf1 Nc5 13. h3 Kg7 14. Bf2 Nh7 15. g4 h4 16. Be3 Bxe3 17. Nxe3 a4 18. Bd3 Qf6 19. Ng2 Ng5 20. Be2 Bd7 21. Kd2 c6 22. Qf1 Qd8 23. Ne3 Qa5 24. Qg2 Rad8 25. Rhc1 cxd5 26. Nexd5 Nce6 27. b4 axb3 28. axb3 Qc5 29. b4 Qd4+ 30. Bd3 Ra8 31. Rab1 Ra3 32. Ra1 Rfa8 33. Rxa3 Rxa3 34. Qf1 Ba4 35. Nb1 Ra2+ 36. Ke1 Nxh3 37. Rd1 Nhf4 38. Nxf4 Nxf4 0-1

[Event "Agneaux St Lo"]
[Site "Agneaux"]
[Date "1999.??.??"]
[Round "3"]
[White "Restout, Bruce"]
[Black "Mullon, Jean Baptiste"]
[Result "0-1"]
[WhiteElo "2100"]
[BlackElo "2180"]
[PlyCount "42"]
[EventDate "1999.??.??"]
[EventType "tourn"]
[EventRounds "9"]
[EventCountry "FRA"]
[SourceTitle "EXT 2000"]
[Source "ChessBase"]
[SourceDate "1999.11.16"]
[SourceVersion "1"]
[SourceVersionDate "1999.11.16"]
[SourceQuality "1"]

1. e4 e6 2. d4 d5 3. Nc3 Nf6 4. Bg5 dxe4 5. Nxe4 Be7 6. Bxf6 gxf6 7. Nf3 f5 8. Ng3 c5 9. Bc4 cxd4 10. 0-0 Nc6 11. Re1 Rg8 12. Qd2 Rg6 13. c3 dxc3 14. Qxc3 Bf6 15. Qc2 Kf8 16. Rad1 Qb6 17. Rd2 Qc5 18. Qd3 e5 19. Rde2 e4 20. Nh5 Be6 21. Nxf6 exd3 0-1